| 000 | 00400nam a2200181Ia 4500 | ||
|---|---|---|---|
| 003 | OSt | ||
| 005 | 20251202103641.0 | ||
| 008 | 250729s1996 xx 000 0 und d | ||
| 020 | _a9788215071398 | ||
| 040 | _cAL | ||
| 041 | _aeng | ||
| 082 | _a304.6 OUPC | ||
| 245 | _aCaring for the future | ||
| 260 |
_aNew York _c1996 |
||
| 300 | _a351p | ||
| 650 |
_aSociology _9225349 |
||
| 942 |
_2ddc _cBED |
||
| 999 |
_c236867 _d236867 |
||